Quiz: Fromages préférés des français - Statistiques

Statistiques générales
  • Ce quiz a été pris 37 fois
  • Le résultat moyen est 5 sur 10
Statistiques - réponses
Question Réponse % Correct
Quel fromage normand est tellement lié à la culture française qu'il est souvent cité comme symbole national, même s'il perd du terrain dans les sondages ? Camembert
91%
Quelle est la particularité gustative du fromage Mont d'Or, uniquement disponible entre septembre et mai en France ? Il se mange chaud à la cuillère
73%
Quelle est la région qui produit le plus de fromages AOP (Appellation d'Origine Protégée) différents ? Auvergne-Rhône-Alpes
61%
Quel est le seul fromage dont la moisissure bleue est officiellement protégée par une AOP et doit être élevé dans les caves de Combalou ? Roquefort
55%
Combien de fromages différents la France produit-elle officiellement, selon le chiffre souvent cité par le général de Gaulle ? 246
45%
Dans quel département français produit-on le Comté, fromage le plus consommé de France ? Doubs
45%
Quel est le fromage le plus consommé en France selon les sondages réguliers ? Comté
39%
Quelle quantité de fromage un Français consomme-t-il en moyenne par an, faisant de la France le 4ème pays consommateur mondial ? 25 kg
27%
Quel est le fromage français le plus exporté dans le monde, présent dans presque tous les supermarchés étrangers ? Camembert
21%
Quel fromage français a été le premier à obtenir une Appellation d'Origine Contrôlée (AOC) en 1925 ? Roquefort
15%
Aucun quiz correspondant
Distribution des résultats
% des personnes avec chaque résultat
Percentile par nombre de réponses
Votre historique - résultats
Vous n’avez pas pris ce quiz